[Event "Poznan op 25th"]
[Site "Poznan"]
[Date "2017.08.24"]
[Round "6"]
[White "Tomczak, Marta"]
[Black "Hoffmann, Piotr"]
[Result "1/2-1/2"]
[WhiteElo "1480"]
[BlackElo "1651"]
[PlyCount "80"]
[EventDate "2017.08.20"]
[EventType "swiss"]
[EventRounds "9"]
[EventCountry "POL"]
[SourceTitle "CBM 180 Extra"]
[Source "ChessBase"]
[SourceDate "2017.10.06"]
[SourceVersion "1"]
[SourceVersionDate "2017.10.06"]
[SourceQuality "1"]

1. e4 d5 2. exd5 Qxd5 3. Nc3 Qd8 4. d4 Nf6 5. Nf3 Bg4 6. Be2 e6 7. 0-0 Be7 8. Be3 0-0 9. Ne5 Bxe2 10. Qxe2 c6 11. Rfd1 Nd5 12. Nxd5 cxd5 13. Qb5 Qc8 14. Rd3 a6 15. Qb3 b5 16. a4 Qb7 17. h3 b4 18. c3 a5 19. cxb4 Bxb4 20. Bd2 Na6 21. Rc1 Rfc8 22. Rdc3 Rab8 23. Rxc8+ Rxc8 24. Rxc8+ Qxc8 25. Bxb4 Nxb4 26. Nd3 Qc2 27. Nc5 Qc1+ 28. Kh2 Qf4+ 29. Qg3 Qxg3+ 30. Kxg3 Nc6 31. Nb3 Kf8 32. f4 Ke7 33. Kf3 Kd6 34. Ke3 Kc7 35. Kd3 Kb6 36. Nc5 Ne7 37. g4 g6 38. Nd7+ Kc7 39. Nc5 h5 40. Kc3 hxg4 1/2-1/2

[Event "Poznan op 25th"]
[Site "Poznan"]
[Date "2017.08.23"]
[Round "5"]
[White "Lapinski, Jerzy"]
[Black "Tomczak, Marta"]
[Result "0-1"]
[WhiteElo "1280"]
[BlackElo "1480"]
[PlyCount "82"]
[EventDate "2017.08.20"]
[EventType "swiss"]
[EventRounds "9"]
[EventCountry "POL"]
[SourceTitle "CBM 180 Extra"]
[Source "ChessBase"]
[SourceDate "2017.10.06"]
[SourceVersion "1"]
[SourceVersionDate "2017.10.06"]
[SourceQuality "1"]

1. d4 d5 2. Bf4 Nf6 3. h3 Bf5 4. Nf3 h6 5. e3 e6 6. Bd3 Bxd3 7. Qxd3 Bd6 8. Ne5 c6 9. Nd2 0-0 10. 0-0 Qc7 11. Ndf3 Nbd7 12. Rac1 Nh5 13. Bh2 Nhf6 14. c4 b6 15. Rc2 c5 16. Rfc1 Rfe8 17. b4 Qb7 18. b5 Ne4 19. Nc6 Bxh2+ 20. Nxh2 Nef6 21. Nf3 a6 22. a4 axb5 23. axb5 Ra4 24. Nfe5 Nxe5 25. Nxe5 cxd4 26. exd4 dxc4 27. Nxc4 Rd8 28. Qb3 Raa8 29. Qe3 Nd5 30. Qf3 Rdc8 31. Ne5 Rxc2 32. Rxc2 Qa7 33. Nc6 Qa1+ 34. Kh2 Rf8 35. Qb3 Ra8 36. Ne5 Qxd4 37. Nc6 Qf4+ 38. g3 Qe4 39. Qb2 Qe1 40. Re2 Qf1 41. Qe5 Ra1 0-1

[Event "Poznan op 25th"]
[Site "Poznan"]
[Date "2017.08.21"]
[Round "3"]
[White "Zurawski, Mateusz"]
[Black "Tomczak, Marta"]
[Result "1-0"]
[WhiteElo "1328"]
[BlackElo "1480"]
[PlyCount "141"]
[EventDate "2017.08.20"]
[EventType "swiss"]
[EventRounds "9"]
[EventCountry "POL"]
[SourceTitle "CBM 180 Extra"]
[Source "ChessBase"]
[SourceDate "2017.10.06"]
[SourceVersion "1"]
[SourceVersionDate "2017.10.06"]
[SourceQuality "1"]

1. e4 c5 2. Nf3 Nc6 3. d4 cxd4 4. Nxd4 e5 5. Nf3 Nf6 6. Bc4 Nxe4 7. Bxf7+ Kxf7 8. Qd5+ Ke8 9. Qxe4 d5 10. Qe3 Bd6 11. 0-0 Qc7 12. b3 Nb4 13. Na3 a6 14. Re1 Nc6 15. Bb2 d4 16. Nxd4 Nxd4 17. Qxd4 Qe7 18. Qd2 Be6 19. Nc4 Bxc4 20. bxc4 Rc8 21. Qd5 Rc5 22. Qxc5 Bxc5 23. Rxe5 Rf8 24. Rxe7+ Kxe7 25. Re1+ Kd7 26. Re2 g6 27. g3 Rc8 28. Kf1 Be7 29. Re4 b5 30. cxb5 Rxc2 31. Re2 Rxe2 32. Kxe2 axb5 33. Kd3 Ke6 34. Ke4 Bd6 35. Bc1 Bc5 36. Be3 Bd6 37. h3 h5 38. g4 hxg4 39. hxg4 Be5 40. f4 Bf6 41. f5+ gxf5+ 42. gxf5+ Kd6 43. Bd4 Bd8 44. Kf4 b4 45. Bg7 Ke7 46. Ke4 Kf7 47. Bd4 Ke8 48. Kd5 Kd7 49. Bc5 Bf6 50. Bxb4 Bh4 51. a4 Kc7 52. Ke6 Kd8 53. a5 Kc8 54. Bc5 Kd8 55. a6 Kc7 56. Be7 Bf2 57. f6 Bd4 58. f7 Bg7 59. Bc5 Kc8 60. Ba7 Bf8 61. Kf6 Kc7 62. Kg6 Kc6 63. Bb8 Kb6 64. a7 Kb7 65. Kh7 Ka8 66. Kg8 Bc5 67. Be5 Bb4 68. Bg7 Kxa7 69. Bf8 Bd2 70. Be7 Bh6 71. Kh7 1-0

[Event "Poznan op 25th"]
[Site "Poznan"]
[Date "2017.08.20"]
[Round "1"]
[White "Nadstoga, Wojciech"]
[Black "Tomczak, Marta"]
[Result "1-0"]
[WhiteElo "1926"]
[BlackElo "1480"]
[PlyCount "93"]
[EventDate "2017.08.20"]
[EventType "swiss"]
[EventRounds "9"]
[EventCountry "POL"]
[SourceTitle "CBM 180 Extra"]
[Source "ChessBase"]
[SourceDate "2017.10.06"]
[SourceVersion "1"]
[SourceVersionDate "2017.10.06"]
[SourceQuality "1"]

1. Nf3 d5 2. g3 Nf6 3. Bg2 e6 4. d3 Nc6 5. Nbd2 Be7 6. 0-0 0-0 7. Re1 b6 8. c3 Bb7 9. e4 dxe4 10. dxe4 e5 11. b4 b5 12. a4 a6 13. Bf1 bxa4 14. Qxa4 Nd7 15. Nc4 Nb6 16. Qb3 Bf6 17. Na5 Qc8 18. Nxb7 Qxb7 19. Ba3 Rfe8 20. c4 Nd4 21. Nxd4 exd4 22. c5 Nd7 23. Rac1 Ne5 24. f4 Ng4 25. e5 Be7 26. Bg2 c6 27. Qf3 Ne3 28. Qxc6 Qa7 29. Be4 Rac8 30. Qb7 Rc7 31. Qxa7 Rxa7 32. Bd3 Rb8 33. Rb1 g6 34. Bc1 Nd5 35. Bd2 a5 36. bxa5 Rxb1 37. Rxb1 Bxc5 38. Rb5 Rc7 39. a6 Nc3 40. Rb7 Rxb7 41. axb7 Ba7 42. Bc1 Nd5 43. Ba3 Bb8 44. Bd6 Nc7 45. Bc4 Kg7 46. Kf1 f6 47. Ke2 1-0

[Event "EU-ch U12 Girls 25th"]
[Site "Porec"]
[Date "2015.09.30"]
[Round "9"]
[White "Strukova, Ksenia"]
[Black "Tomczak, Marta"]
[Result "1-0"]
[WhiteElo "1603"]
[BlackElo "1480"]
[PlyCount "51"]
[EventDate "2015.09.21"]
[EventType "swiss"]
[EventRounds "9"]
[EventCountry "CRO"]
[SourceTitle "EXT 2016"]
[Source "ChessBase"]
[SourceDate "2015.10.08"]
[SourceVersion "1"]
[SourceVersionDate "2015.10.08"]
[SourceQuality "1"]

1. e4 c5 2. Nf3 Nc6 3. Bb5 d6 4. c3 Bd7 5. d3 Nf6 6. 0-0 e6 7. Nbd2 Be7 8. Re1 0-0 9. Nf1 a6 10. Ba4 d5 11. h3 dxe4 12. dxe4 b5 13. Bc2 h6 14. e5 Nd5 15. Qd3 f5 16. exf6 Nxf6 17. Bxh6 Qe8 18. Bg5 e5 19. Qe2 Nd5 20. Qe4 Qh5 21. Ng3 Qh8 22. Bxe7 Ncxe7 23. Nxe5 Be8 24. Qg4 Qh6 25. Nf3 Bf7 26. Ng5 1-0

[Event "EU-ch U12 Girls 25th"]
[Site "Porec"]
[Date "2015.09.29"]
[Round "8"]
[White "Tomczak, Marta"]
[Black "Olle, Rebeka Sara"]
[Result "1-0"]
[WhiteElo "1480"]
[BlackElo "1881"]
[PlyCount "77"]
[EventDate "2015.09.21"]
[EventType "swiss"]
[EventRounds "9"]
[EventCountry "CRO"]
[SourceTitle "EXT 2016"]
[Source "ChessBase"]
[SourceDate "2015.10.08"]
[SourceVersion "1"]
[SourceVersionDate "2015.10.08"]
[SourceQuality "1"]

1. e4 c5 2. c3 Nf6 3. e5 Nd5 4. d4 cxd4 5. Qxd4 e6 6. Nf3 Nc6 7. Qe4 f5 8. Qe2 Qc7 9. g3 b6 10. a3 d6 11. exd6 Bxd6 12. Bg2 0-0 13. 0-0 Re8 14. Nh4 Qf7 15. Rd1 Bc7 16. b4 Rb8 17. c4 Nde7 18. Bb2 h6 19. Nd2 Bb7 20. Nb3 g5 21. Nf3 Ng6 22. Rd2 e5 23. b5 Nd8 24. Rad1 Re7 25. a4 g4 26. Ne1 Bxg2 27. Nxg2 Nb7 28. Ba3 Rbe8 29. Bxe7 Rxe7 30. Rd5 f4 31. Qxg4 Kh7 32. Rd7 Qxc4 33. Rc1 Qxb3 34. Rdxc7 Nc5 35. Rxe7+ Nxe7 36. gxf4 Nd3 37. Rf1 Qxa4 38. Qd7 Qb4 39. Qxd3+ 1-0

[Event "EU-ch U12 Girls 25th"]
[Site "Porec"]
[Date "2015.09.24"]
[Round "4"]
[White "Fairuzova, Zulfiiya"]
[Black "Tomczak, Marta"]
[Result "1-0"]
[WhiteElo "1658"]
[BlackElo "1480"]
[PlyCount "109"]
[EventDate "2015.09.21"]
[EventType "swiss"]
[EventRounds "9"]
[EventCountry "CRO"]
[SourceTitle "EXT 2016"]
[Source "ChessBase"]
[SourceDate "2015.10.08"]
[SourceVersion "1"]
[SourceVersionDate "2015.10.08"]
[SourceQuality "1"]

1. d4 d5 2. c4 e6 3. Nc3 Nf6 4. Bg5 Be7 5. e3 h6 6. Bh4 0-0 7. Nf3 b6 8. cxd5 Nxd5 9. Bxe7 Qxe7 10. Nxd5 exd5 11. Bd3 Be6 12. 0-0 Nd7 13. Rc1 c5 14. b3 Bg4 15. Be2 Nf6 16. h3 Bh5 17. Re1 Rfd8 18. Ne5 Bxe2 19. Qxe2 Qd6 20. Nf3 Rac8 21. Rc2 Ne4 22. Rec1 Rc7 23. Nd2 Rdc8 24. dxc5 Nxc5 25. Nf3 Re8 26. Qd1 Rd7 27. Nd4 Rdd8 28. b4 Ne6 29. Nc6 Rd7 30. b5 Nc5 31. Rd2 a6 32. Nb4 axb5 33. Rxd5 Qe7 34. Rxd7 Nxd7 35. Nd5 Qe5 36. Nf4 Nf6 37. Qb3 Ra8 38. Rb1 Ra5 39. Rc1 Ra8 40. Nd3 Qd6 41. Nb4 Qe5 42. Nc6 Qc7 43. Rc2 Qd7 44. Nd4 Rb8 45. Nxb5 Rb7 46. Nd4 Nd5 47. Rc6 b5 48. Rc5 Nc7 49. a4 b4 50. Nc6 Na6 51. Rc2 Rc7 52. Nd4 Rb7 53. Rc4 Qe7 54. Rc8+ Kh7 55. Qd3+ 1-0

[Event "POL-chT U19 2nd League"]
[Site "Iwonicz"]
[Date "2015.08.01"]
[Round "9.24"]
[White "Borkowy, Malgorzata"]
[Black "Tomczak, Marta"]
[Result "0-1"]
[WhiteElo "1134"]
[BlackElo "1404"]
[PlyCount "66"]
[EventDate "2015.07.25"]
[EventType "team-swiss"]
[EventRounds "11"]
[EventCountry "POL"]
[SourceTitle "EXT 2019"]
[Source "ChessBase"]
[SourceDate "2018.10.10"]
[SourceVersion "1"]
[SourceVersionDate "2018.10.10"]
[SourceQuality "1"]
[WhiteTeam "Gliwice Carbo U19"]
[BlackTeam "Leszno Wieniawa U19"]
[WhiteTeamCountry "POL"]
[BlackTeamCountry "POL"]

1. e4 c5 2. Nc3 Nc6 3. f4 g6 4. Nf3 e6 5. g3 Bg7 6. Bg2 Nge7 7. 0-0 0-0 8. d3 b6 9. g4 d6 10. Bd2 f5 11. g5 Rb8 12. Rb1 e5 13. h4 exf4 14. Bxf4 fxe4 15. Nh2 exd3 16. Qxd3 Nd4 17. Be3 Bf5 18. Be4 Bxe4 19. Qxe4 Nef5 20. Bf2 Re8 21. Qd3 Kh8 22. Rfe1 Qd7 23. Nf3 Qc6 24. Nxd4 Nxd4 25. Rxe8+ Rxe8 26. a3 Nf3+ 27. Kf1 Rf8 28. Nd5 Bd4 29. Ne3 Ne5 30. c3 Nxd3 31. Ke2 Rxf2+ 32. Kxd3 Bxe3 33. Kxe3 Qf3# 0-1

[Event "POL-chT U19 2nd League"]
[Site "Iwonicz"]
[Date "2015.08.01"]
[Round "1.12"]
[White "Tomczak, Marta"]
[Black "Frej, Hanna"]
[Result "1-0"]
[WhiteElo "1404"]
[BlackElo "1231"]
[PlyCount "117"]
[EventDate "2015.07.25"]
[EventType "team-swiss"]
[EventRounds "11"]
[EventCountry "POL"]
[SourceTitle "EXT 2019"]
[Source "ChessBase"]
[SourceDate "2018.10.10"]
[SourceVersion "1"]
[SourceVersionDate "2018.10.10"]
[SourceQuality "1"]
[WhiteTeam "Leszno Wieniawa U19"]
[BlackTeam "Wroclaw MUKS MDK Srodmiescie U19 II"]
[WhiteTeamCountry "POL"]
[BlackTeamCountry "POL"]

1. e4 c5 2. c3 d5 3. exd5 Qxd5 4. d4 Nc6 5. Nf3 Nf6 6. Be3 cxd4 7. cxd4 Bg4 8. Nc3 Qd6 9. Be2 e6 10. 0-0 Be7 11. h3 Bh5 12. a3 0-0 13. Qb3 Na5 14. Qc2 Bg6 15. Bd3 Bxd3 16. Qxd3 Nc6 17. Rfd1 Rfd8 18. Qe2 Qc7 19. Rac1 Qa5 20. Ra1 a6 21. b4 Qc7 22. Rac1 Rac8 23. Qa2 Qd6 24. Qd2 h6 25. Bf4 Qd7 26. Qe3 Nd5 27. Nxd5 Qxd5 28. Qd2 Bf6 29. Be3 Rd7 30. Rc5 Qd6 31. Bf4 Qe7 32. Rc3 Rcd8 33. Qc2 Bxd4 34. Rcd3 Bf6 35. Rxd7 Rxd7 36. Re1 Qd8 37. Qe4 Nd4 38. Nxd4 Rxd4 39. Qf3 Rd3 40. Re3 Rd1+ 41. Kh2 Rd7 42. Rb3 e5 43. Be3 Qc7 44. g3 Re7 45. Bxh6 gxh6 46. Qxf6 Re6 47. Qf3 Qc6 48. Qxc6 Rxc6 49. Re3 f6 50. Kg2 Rc2 51. g4 Kg7 52. Kg3 Kg6 53. f4 exf4+ 54. Kxf4 Rc4+ 55. Kf3 Rc2 56. h4 Rh2 57. Kg3 Ra2 58. h5+ Kg5 59. Rf3 1-0

[Event "POL-chT U19 2nd League"]
[Site "Iwonicz"]
[Date "2015.08.01"]
[Round "5.12"]
[White "Tomczak, Marta"]
[Black "Kawecka, Malgorzata"]
[Result "1-0"]
[WhiteElo "1404"]
[BlackElo "1463"]
[PlyCount "107"]
[EventDate "2015.07.25"]
[EventType "team-swiss"]
[EventRounds "11"]
[EventCountry "POL"]
[SourceTitle "EXT 2019"]
[Source "ChessBase"]
[SourceDate "2018.10.10"]
[SourceVersion "1"]
[SourceVersionDate "2018.10.10"]
[SourceQuality "1"]
[WhiteTeam "Leszno Wieniawa U19"]
[BlackTeam "Gliwice Politechnika Slaska U19"]
[WhiteTeamCountry "POL"]
[BlackTeamCountry "POL"]

1. e4 e5 2. Nf3 Nf6 3. Nxe5 d6 4. Nf3 Nxe4 5. Nc3 Nf6 6. d4 Be7 7. Be2 0-0 8. 0-0 c5 9. Be3 Bf5 10. Na4 Qa5 11. c4 Nbd7 12. Nc3 Rac8 13. Nh4 cxd4 14. Nxf5 Qxf5 15. Bxd4 Ne5 16. Bxa7 Nxc4 17. Bxc4 Rxc4 18. Qe2 Rc7 19. Rad1 d5 20. Qd3 Qxd3 21. Rxd3 Rd7 22. Rfd1 Rc8 23. h3 h6 24. Nxd5 Nxd5 25. Rxd5 Rxd5 26. Rxd5 Ra8 27. Bd4 Rxa2 28. Rd7 Bg5 29. Rxb7 Ra1+ 30. Kh2 Rb1 31. Bc5 Bf4+ 32. g3 Be5 33. b4 Rb2 34. Kg2 g6 35. b5 Kg7 36. b6 Rb1 37. Kf3 h5 38. h4 Rb3+ 39. Ke4 Bf6 40. Rd7 Rb5 41. b7 Rb1 42. Bd6 Re1+ 43. Kf3 Rb1 44. b8Q Rxb8 45. Bxb8 Bc3 46. Ba7 Bf6 47. Bd4 Bxd4 48. Rxd4 Kh6 49. g4 Kg7 50. gxh5 gxh5 51. Kf4 Kg6 52. Rd6+ f6 53. f3 Kg7 54. Kf5 1-0

[Event "POL-chT U19 2nd League"]
[Site "Iwonicz"]
[Date "2015.08.01"]
[Round "8.12"]
[White "Tomczak, Marta"]
[Black "Mysliwiec, Natalia"]
[Result "1-0"]
[WhiteElo "1404"]
[BlackElo "1355"]
[PlyCount "91"]
[EventDate "2015.07.25"]
[EventType "team-swiss"]
[EventRounds "11"]
[EventCountry "POL"]
[SourceTitle "EXT 2019"]
[Source "ChessBase"]
[SourceDate "2018.10.10"]
[SourceVersion "1"]
[SourceVersionDate "2018.10.10"]
[SourceQuality "1"]
[WhiteTeam "Leszno Wieniawa U19"]
[BlackTeam "Krakow Wisla U19"]
[WhiteTeamCountry "POL"]
[BlackTeamCountry "POL"]

1. e4 e5 2. Nf3 Nc6 3. Bb5 a6 4. Ba4 Nf6 5. 0-0 b5 6. Bb3 Be7 7. c3 d6 8. Bc2 0-0 9. h3 Nb8 10. d4 Nbd7 11. Re1 Bb7 12. Nbd2 Re8 13. Nf1 Bf8 14. Ng3 g6 15. Bb3 h6 16. Bd2 Re7 17. Nh4 exd4 18. Nxg6 Re8 19. Nxf8 Nxf8 20. cxd4 Ne6 21. Bxh6 c6 22. Qd2 Nh7 23. Bxe6 Rxe6 24. Bf4 Rg6 25. Rad1 Ng5 26. d5 c5 27. e5 Bc8 28. Bxg5 Rxg5 29. exd6 Rg6 30. Qc3 c4 31. Re7 Rxd6 32. Rde1 Bd7 33. Nh5 Rg6 34. Qf3 Be8 35. Rxe8+ Qxe8 36. Rxe8+ Rxe8 37. Nf6+ Kf8 38. Nxe8 Kxe8 39. g4 Ke7 40. h4 Kf8 41. Qf4 Ke7 42. h5 Rg7 43. g5 Kf8 44. d6 Ke8 45. Qf6 Rg8 46. Qe7# 1-0

[Event "POL-chT U19 2nd League"]
[Site "Iwonicz"]
[Date "2015.08.01"]
[Round "7.18"]
[White "Tomczak, Marta"]
[Black "Zaborowska, Maria"]
[Result "1-0"]
[WhiteElo "1404"]
[BlackElo "1011"]
[PlyCount "83"]
[EventDate "2015.07.25"]
[EventType "team-swiss"]
[EventRounds "11"]
[EventCountry "POL"]
[SourceTitle "EXT 2019"]
[Source "ChessBase"]
[SourceDate "2018.10.10"]
[SourceVersion "1"]
[SourceVersionDate "2018.10.10"]
[SourceQuality "1"]
[WhiteTeam "Leszno Wieniawa U19"]
[BlackTeam "Minsk Mazowiecki MTSz U19"]
[WhiteTeamCountry "POL"]
[BlackTeamCountry "POL"]

1. e4 e6 2. d4 d5 3. Nc3 Nf6 4. Bg5 Be7 5. e5 Nfd7 6. Bxe7 Qxe7 7. Qd2 c5 8. f4 Nc6 9. Nf3 cxd4 10. Nxd4 Nxd4 11. Qxd4 Qc5 12. Qxc5 Nxc5 13. 0-0-0 0-0 14. Nb5 Bd7 15. Nd6 Bc6 16. g3 f6 17. Bg2 a5 18. c4 Ne4 19. Nxe4 dxe4 20. Rde1 f5 21. Rd1 Rad8 22. Rhe1 Rf7 23. Rxd8+ Rf8 24. Rxf8+ Kxf8 25. a3 b5 26. cxb5 Bxb5 27. b4 axb4 28. axb4 Bd3 29. Bf1 Ke7 30. Bxd3 exd3 31. Rd1 Kd7 32. Rxd3+ Kc6 33. Rd6+ Kb5 34. Rxe6 Kxb4 35. Re7 Kc5 36. Rd7 h6 37. e6 g5 38. e7 gxf4 39. e8Q f3 40. Qc8+ Kb6 41. Rb7+ Ka6 42. Qa8# 1-0

[Event "POL-ch U12 Girls"]
[Site "Suwalki"]
[Date "2015.04.13"]
[Round "8.8"]
[White "Tomczak, Marta"]
[Black "Bienko, Jagoda"]
[Result "1-0"]
[WhiteElo "1418"]
[BlackElo "1274"]
[PlyCount "89"]
[EventDate "2015.04.08"]
[EventType "swiss"]
[EventRounds "9"]
[EventCountry "POL"]
[SourceTitle "EXT 2023"]
[Source "ChessBase"]
[SourceDate "2022.10.05"]
[SourceVersion "1"]
[SourceVersionDate "2022.10.05"]
[SourceQuality "1"]

1. e4 c5 2. c3 d5 3. exd5 Qxd5 4. d4 Nc6 5. Nf3 Bf5 6. Be3 Nf6 7. dxc5 Qxd1+ 8. Kxd1 0-0-0+ 9. Nbd2 Ng4 10. Nd4 Nxe3+ 11. fxe3 Bg6 12. Nxc6 bxc6 13. Ba6+ Kc7 14. Ke2 e6 15. b4 Be7 16. Nf3 Bf6 17. Nd4 e5 18. Nf3 Bh5 19. Kf2 g5 20. h3 Bg6 21. g4 Rd7 22. Rad1 Rhd8 23. Rxd7+ Rxd7 24. Ke2 Be4 25. Rc1 Bxf3+ 26. Kxf3 Rd2 27. Bc4 Rd7 28. e4 Kd8 29. Ke3 Ke8 30. a4 Rb7 31. b5 Be7 32. bxc6 Bxc5+ 33. Kd3 Rb2 34. Bxf7+ Kd8 35. Rc2 Rb1 36. Be6 Kc7 37. Bd7 Ra1 38. Kc4 Bd6 39. Kb5 Rb1+ 40. Kc4 Ra1 41. Rb2 Rxa4+ 42. Kd5 Ra5+ 43. Ke6 Bc5 44. Rb7+ Kd8 45. c7# 1-0

[Event "POL Olympiad U12 Girls"]
[Site "Spala"]
[Date "2014.12.30"]
[Round "8.10"]
[White "Budkiewicz, Magdalena"]
[Black "Tomczak, Marta"]
[Result "0-1"]
[WhiteElo "1280"]
[BlackElo "1284"]
[PlyCount "110"]
[EventDate "2014.04.06"]
[EventType "swiss"]
[EventRounds "9"]
[EventCountry "POL"]
[SourceTitle "EXT 2023"]
[Source "ChessBase"]
[SourceDate "2022.10.05"]
[SourceVersion "1"]
[SourceVersionDate "2022.10.05"]
[SourceQuality "1"]

1. e4 c5 2. Nf3 Nc6 3. d4 cxd4 4. Nxd4 Nf6 5. Nc3 d6 6. f3 e5 7. Nb3 Be7 8. Be3 0-0 9. Qd2 Be6 10. Nd5 Bxd5 11. exd5 Nb8 12. Be2 Nbd7 13. c4 b6 14. 0-0 Nc5 15. Nxc5 bxc5 16. a3 Nd7 17. b4 Qc7 18. Rfb1 a5 19. Bd3 f5 20. b5 f4 21. Bf2 Qb6 22. a4 g6 23. Rd1 Bf6 24. Rab1 Bg7 25. Qe1 Nf6 26. Be4 Kh8 27. Bh4 Ng8 28. Bg5 Bf6 29. Bxf6+ Nxf6 30. Rdc1 Nxe4 31. Qxe4 Rab8 32. Rf1 Qd8 33. Qe1 Qf6 34. b6 Rfe8 35. Qxa5 e4 36. fxe4 Qd4+ 37. Kh1 Qxc4 38. Rxf4 Ra8 39. Qb5 Qxb5 40. axb5 Rab8 41. h3 Kg7 42. Ra1 Rxb6 43. Ra7+ Kh6 44. Rh4+ Kg5 45. Rg4+ Kf6 46. Rxh7 Rxb5 47. Rf4+ Ke5 48. Rf1 c4 49. Rg7 c3 50. Rc7 Rc5 51. Rxc5 dxc5 52. Rd1 Rb8 53. d6 c2 54. Rg1 Kxd6 55. Kh2 Rb1 0-1

[Event "POL Olympiad U12 Girls"]
[Site "Spala"]
[Date "2014.12.30"]
[Round "3.5"]
[White "Karlyk, Maria"]
[Black "Tomczak, Marta"]
[Result "1-0"]
[WhiteElo "1440"]
[BlackElo "1284"]
[PlyCount "51"]
[EventDate "2014.04.06"]
[EventType "swiss"]
[EventRounds "9"]
[EventCountry "POL"]
[SourceTitle "EXT 2023"]
[Source "ChessBase"]
[SourceDate "2022.10.05"]
[SourceVersion "1"]
[SourceVersionDate "2022.10.05"]
[SourceQuality "1"]

1. e4 c5 2. d4 cxd4 3. c3 dxc3 4. Nxc3 Nc6 5. Nf3 d6 6. Bc4 a6 7. a4 e6 8. Be3 Nf6 9. 0-0 Be7 10. h3 0-0 11. Nh2 h6 12. f4 Nb4 13. Bb3 a5 14. Rc1 b6 15. Ng4 Bb7 16. f5 Nxe4 17. fxe6 f6 18. Nxe4 Bxe4 19. Nxh6+ gxh6 20. Qg4+ Kh8 21. Qxe4 Rg8 22. Bxh6 d5 23. Qh4 Rxg2+ 24. Kxg2 Qg8+ 25. Bg5+ Kg7 26. Qh6# 1-0

[Event "POL Olympiad U12 Girls"]
[Site "Spala"]
[Date "2014.12.30"]
[Round "6.14"]
[White "Lukaszewska, Magdalena"]
[Black "Tomczak, Marta"]
[Result "0-1"]
[WhiteElo "1190"]
[BlackElo "1284"]
[PlyCount "140"]
[EventDate "2014.04.06"]
[EventType "swiss"]
[EventRounds "9"]
[EventCountry "POL"]
[SourceTitle "EXT 2023"]
[Source "ChessBase"]
[SourceDate "2022.10.05"]
[SourceVersion "1"]
[SourceVersionDate "2022.10.05"]
[SourceQuality "1"]

1. e4 c5 2. Nc3 Nc6 3. g3 Nf6 4. Bg2 d6 5. d3 e5 6. f4 exf4 7. Bxf4 Be7 8. h3 0-0 9. Nf3 Be6 10. 0-0 Qc8 11. Kh2 d5 12. exd5 Nxd5 13. Nxd5 Bxd5 14. c3 Bf6 15. Bd6 Be7 16. Bf4 b6 17. c4 Be6 18. Ne5 Bd7 19. Nxd7 Qxd7 20. h4 Rad8 21. Bd5 Bf6 22. Rb1 Nb4 23. Be4 Nxa2 24. Rf2 Nb4 25. Rd2 g6 26. Qf3 Bg7 27. h5 f5 28. Bb7 Rf7 29. Ba8 Qc8 30. Bd5 Nxd5 31. cxd5 Qa8 32. b4 cxb4 33. Rxb4 Bc3 34. Rc4 Bxd2 35. Bxd2 Qxd5 36. Qe3 Qxd3 37. Qxd3 Rxd3 38. Bh6 Rfd7 39. Rc8+ Rd8 40. Rc7 a5 41. Rg7+ Kh8 42. Rb7 R3d6 43. Kh3 a4 44. Bc1 Rc6 45. Bb2+ Kg8 46. Rg7+ Kf8 47. h6 Rdc8 48. Rxh7 R6c7 49. Rh8+ Kf7 50. Rh7+ Ke6 51. Rh8 Rxh8 52. Bxh8 Rh7 53. Bg7 a3 54. Kh4 a2 55. Kg5 Rxg7 56. hxg7 Kf7 57. g8Q+ Kxg8 58. Kxg6 a1Q 59. Kxf5 Qa4 60. g4 b5 61. g5 b4 62. g6 b3 63. Kf6 b2 64. g7 b1R 65. Kg6 Qa6+ 66. Kh5 Rb5+ 67. Kg4 Qa4+ 68. Kf3 Rb3+ 69. Ke2 Qa2+ 70. Kd1 Rb1# 0-1

[Event "POL Olympiad U12 Girls"]
[Site "Spala"]
[Date "2014.12.30"]
[Round "5.16"]
[White "Tomczak, Marta"]
[Black "Maruszczak, Hanna"]
[Result "1-0"]
[WhiteElo "1284"]
[BlackElo "1069"]
[PlyCount "90"]
[EventDate "2014.04.06"]
[EventType "swiss"]
[EventRounds "9"]
[EventCountry "POL"]
[SourceTitle "EXT 2023"]
[Source "ChessBase"]
[SourceDate "2022.10.05"]
[SourceVersion "1"]
[SourceVersionDate "2022.10.05"]
[SourceQuality "1"]

1. e4 e5 2. Nf3 Nc6 3. Bb5 a6 4. Ba4 Nf6 5. 0-0 Be7 6. Re1 b5 7. Bb3 0-0 8. h3 Na5 9. Nxe5 Nxb3 10. axb3 Bb7 11. Nc3 b4 12. Ne2 Nxe4 13. d3 Nf6 14. Bg5 d6 15. Nc4 c5 16. Ng3 h6 17. Bxf6 Bxf6 18. Ra2 Qc7 19. Nh5 Bd4 20. Qg4 g6 21. Ng3 Rfe8 22. Rf1 Kh7 23. Qf4 Re6 24. Ne4 Bxe4 25. dxe4 Rf6 26. Qd2 g5 27. Qd3 Be5 28. Ne3 Qc6 29. c3 a5 30. Nd5 Re6 31. f4 gxf4 32. Nxf4 Rf6 33. Nd5 Rxf1+ 34. Qxf1 Kg7 35. Qf3 Kf8 36. Ra1 a4 37. Rf1 Ra7 38. bxa4 Qxa4 39. cxb4 cxb4 40. b3 Qa5 41. Kh1 Qc5 42. Qh5 Bg7 43. Qf3 Bd4 44. Qf4 Bg7 45. Rc1 Qa5 1-0

[Event "POL Olympiad U12 Girls"]
[Site "Spala"]
[Date "2014.12.30"]
[Round "2.7"]
[White "Tomczak, Marta"]
[Black "Poreba, Weronika"]
[Result "1/2-1/2"]
[WhiteElo "1284"]
[BlackElo "1414"]
[PlyCount "87"]
[EventDate "2014.04.06"]
[EventType "swiss"]
[EventRounds "9"]
[EventCountry "POL"]
[SourceTitle "EXT 2023"]
[Source "ChessBase"]
[SourceDate "2022.10.05"]
[SourceVersion "1"]
[SourceVersionDate "2022.10.05"]
[SourceQuality "1"]

1. e4 c5 2. c3 d5 3. exd5 Qxd5 4. d4 Nf6 5. Nf3 e6 6. Be3 cxd4 7. cxd4 Nc6 8. Nc3 Qd6 9. Bd3 Be7 10. 0-0 0-0 11. Qe2 b6 12. Rad1 Bb7 13. Ne4 Qc7 14. Rfe1 Nb4 15. Nxf6+ Bxf6 16. Rc1 Qe7 17. Bc4 Rfd8 18. a3 Nd5 19. Bd2 Rd6 20. Bxd5 Rxd5 21. Bc3 Rad8 22. Rcd1 a5 23. Ne5 Bxe5 24. dxe5 Qd7 25. Rc1 Qc6 26. f3 Qb5 27. Qxb5 Rxb5 28. b4 a4 29. Rcd1 Rbd5 30. Rxd5 Rxd5 31. Kf2 Kf8 32. Re4 Rd1 33. Rd4 Rxd4 34. Bxd4 b5 35. Bc5+ Ke8 36. g3 Kd7 37. Ke3 Bd5 38. f4 Kc6 39. Kd4 Bc4 40. h4 Be2 41. Bf8 g6 42. Be7 Bf3 43. Bg5 Bg4 44. Ke4 1/2-1/2

[Event "EU Union-ch U12"]
[Site "Kouty nad Desnou"]
[Date "2014.09.01"]
[Round "6"]
[White "Vanczak, Tamas"]
[Black "Tomczak, Marta"]
[Result "1-0"]
[WhiteElo "1839"]
[BlackElo "1293"]
[PlyCount "107"]
[EventDate "2014.08.27"]
[EventType "swiss"]
[EventRounds "9"]
[EventCountry "CZE"]
[SourceTitle "CBM 162 Extra"]
[Source "ChessBase"]
[SourceDate "2014.10.17"]
[SourceVersion "1"]
[SourceVersionDate "2014.10.17"]
[SourceQuality "1"]

1. e4 c5 2. Nf3 Nc6 3. b4 cxb4 4. d4 d6 5. d5 Ne5 6. Nxe5 dxe5 7. Bb2 Nf6 8. Bd3 Qc7 9. 0-0 e6 10. c4 bxc3 11. Nxc3 exd5 12. exd5 Be7 13. Nb5 Qd7 14. Bxe5 Nxd5 15. Bc4 Nb6 16. Nc7+ Kf8 17. Nxa8 Nxc4 18. Qxd7 Bxd7 19. Bd4 Bd6 20. Bxa7 Ke7 21. Nb6 Bc5 22. Nxc4 Bxa7 23. Rab1 b5 24. Ne5 Rb8 25. Rfe1 Rb7 26. Nxd7+ Kxd7 27. Rbd1+ Kc6 28. Re8 b4 29. Rc8+ Kb5 30. g3 g6 31. Kg2 f5 32. Rcd8 Bc5 33. R8d7 Rxd7 34. Rxd7 Ka4 35. Rxh7 Ka3 36. Rc7 Bd4 37. Rb7 Bc5 38. Rb5 Be7 39. Ra5+ Kb2 40. Kf3 Bg5 41. Ke2 Kc3 42. h4 Bf6 43. h5 gxh5 44. Rxf5 Bd8 45. Rxh5 Kb2 46. Rb5 Be7 47. Ra5 Kc3 48. Ke3 Kc4 49. f4 Bd8 50. Ra8 Be7 51. g4 Kd5 52. Rc8 Ke6 53. Re8 Kf7 54. Rxe7+ 1-0